000 00648nam a2200253Ia 4500
003 OSt
005 20221007070657.0
006 a|||||r|||| 00| 0
007 ta
008 221006b |||||||| |||| 00| 0 eng d
024 _a43,829
037 _cTextual
040 _aFLL
_cFLL
_beng
041 _2eng
_aeng
082 _aXM55:Z2, Q7.1
100 _aDutta C.R.
_9687571
245 0 _aCompany Law (Sections 1-127)
250 _a7th
260 _aGurgaon
_bLexisNexis India
_c2017
300 _aclvii;1.2105p.
_ccm.
490 _vVol.-I
942 _hXM55:Z2, Q7.1
_cTEXL
_2CC
999 _c1141213
_d1141213